this song - conan gray (lyrics) - Statistics

General Stats
  • This quiz has been taken 74 times
  • The average score is 191 of 227
Answer Stats
Hint Answer % Correct
a
100%
I
100%
Outro (I
100%
Bridge | Verse 1 You
100%
you
100%
you)
100%
love
98%
me
98%
my
98%
that
98%
Chorus That
98%
And
96%
know
96%
like
93%
so
93%
song
93%
about
91%
back
91%
feeling
91%
have
91%
hear
91%
this
91%
to
91%
your
91%
Your
91%
in
89%
the
89%
The
89%
wrote
89%
bedroom
87%
say
87%
Verse 2 We
87%
it
84%
knew
84%
too
84%
too?
84%
wish
84%
all
82%
are
82%
But
82%
but
82%
eyes
82%
I'll
82%
is
82%
Is
82%
on
82%
when
82%
now
80%
Now
80%
tried
80%
voice
80%
heart
78%
Heaven,
78%
I'm
78%
I've
78%
rain
78%
sat
78%
through
78%
11:11s,
76%
of
76%
see
76%
Something
76%
train
76%
We're
76%
name
73%
tell
73%
you're
73%
You're
73%
can
71%
can't
71%
mind
71%
shy
71%
straight
71%
they
71%
might
69%
words
69%
cry
67%
hope
67%
if
67%
it's
67%
lines
67%
read
67%
She
67%
she
67%
these
67%
tracks
67%
'bout
64%
drive
64%
Elton
64%
hands
64%
John
64%
laughing
64%
off,
64%
favorite
62%
hears
62%
help
62%
mother
62%
singing
62%
songs
62%
spring
62%
suburbs
62%
brown
60%
obnoxious,
60%
over
60%
perfume
60%
smell
60%
wash
60%
easy
58%
jacket,
58%
joke
58%
playing
58%
Yeah
56%
believing
53%
dumb
53%
racer
49%
sleeves
47%
No matching quizzes found
Score Distribution
Percent of People with Each Score
Percentile by Number Answered
Your Score History
You have not taken this quiz